Clubs de football invaincus sur une saison - Statistiques

Statistiques générales
  • Ce quiz a été pris 137 fois
  • Le résultat moyen est 8 sur 14
Statistiques - réponses
Club Pays % Correct
Juventus Italie
96%
AC Milan Italie
94%
FC Porto Portugal
94%
Ajax Amsterdam Pays-Bas
93%
SL Benfica Portugal
93%
Arsenal FC Angleterre
92%
Real Madrid Espagne
91%
Bayer Leverkusen Allemagne
84%
Athletic Bilbao Espagne
26%
Genoa CFC Italie
18%
Preston North End Angleterre
8%
Pro Vercelli Italie
7%
AC Pérouse Italie
3%
Dresdner SC Allemagne
3%
Aucun quiz correspondant
Distribution des résultats
% des personnes avec chaque résultat
Percentile par nombre de réponses
Votre historique - résultats
Vous n’avez pas pris ce quiz